Politics, ethics and social responsibility of business: (Record no. 11632)

MARC details
000 -LEADER
fixed length control field 00875 a2200217 4500
010 ## - LIBRARY OF CONGRESS CONTROL NUMBER
LC control number ENG-89906
020 ## - INTERNATIONAL STANDARD BOOK NUMBER
Terms of availability 150.00
035 ## - SYSTEM CONTROL NUMBER
System control number EN-73439
037 ## - SOURCE OF ACQUISITION
Source of stock number/acquisition DBAD / PUB
082 14 - DEWEY DECIMAL CLASSIFICATION NUMBER
Classification number 338.7
090 ## - LOCALLY ASSIGNED LC-TYPE CALL NUMBER (OCLC); LOCAL CALL NUMBER (OCLC)
-- 11986
-- 11986
100 1# - MAIN ENTRY--PERSONAL NAME
Personal name Chawdhry, B.B.
245 1# - TITLE STATEMENT
Title Politics, ethics and social responsibility of business:
Statement of responsibility, etc by B.B. Chawdhry , S.B. George [and] Prem Chand Gupta
Remainder of title a textbook for B.Com.(Hons.) papar VII B of Delhi University)/
260 ## - PUBLICATION, DISTRIBUTION, ETC. (IMPRINT)
Place of publication, distribution, etc Delhi :
Name of publisher, distributor, etc Shree Mahavir Book Depot (Publishers)
Date of publication, distribution, etc 2005-06
270 ## - ADDRESS
Address 2603, Nai Sarak,
City Delhi
State or province Delhi :
Postal code 110006
Telephone number 23262993, 23270792
Fax number 011-23270792
Electronic mail address mahavirpublications@hotmail.com
300 ## - PHYSICAL DESCRIPTION
Extent 416p.
Dimensions 22 cm (pbk)
700 ## - ADDED ENTRY--PERSONAL NAME
Personal name George, S.B.
700 ## - ADDED ENTRY--PERSONAL NAME
Personal name Gupta, Prem Chand
942 ## - ADDED ENTRY ELEMENTS (KOHA)
Institution code [OBSOLETE] dpl
Koha item type English Books
Call number prefix 338.7 / CHA
Holdings
Withdrawn status Lost status Source of classification or shelving scheme Damaged status Not for loan Collection code Home library Current library Source of acquisition Cost, normal purchase price Total Checkouts Full call number Barcode Date last seen Copy number Uniform Resource Identifier Cost, replacement price Price effective from Koha item type
    Dewey Decimal Classification   Not For Loan Non-fiction D.B.Act.Division D.B.Act.Division DBAD/PUB 150.00   338.7 CHA EN-73439 15/09/2008 1 12746 150.00 15/09/2008 English Books

© Delhi Public Library
Hit Counter
free hit counter